000 00560cam a22002053a 4500
001 38922
003 PGUSA
005 20140828083847.0
008 120218s2012||||xxu|||||s|||||000 | eng d
040 _aPGUSA
_beng
042 _adc
100 1 _aWarner, Susan,
_d1819-1885
245 1 0 _aPine Needles
_h[electronic resource] /
_cSusan Warner
260 _bProject Gutenberg,
_c2012
506 _aPublic domain in the USA.
516 _aElectronic text
830 0 _aProject Gutenberg
_v38922
856 4 0 _uhttp://www.gutenberg.org/ebooks/38922
942 _cEB
999 _c268175
_d268175